| Tag |
First Indicator |
Second Indicator |
Subfields |
| LEADER |
00000cam a2200000Ka 4500 |
| 001 |
in00002571221 |
| 005 |
20151201120138.0 |
| 006 |
m f d |
| 007 |
cr unu|||||||| |
| 008 |
100427s2010 txu sbm 000 0 eng d |
| 035 |
|
|
|a (OCoLC)ocn609694335
|
| 035 |
|
|
|a (OCoLC)609694335
|
| 035 |
|
|
|a (TxCM)http://hdl.handle.net/1969.1/ETD-TAMU-2322
|
| 040 |
|
|
|a TXA
|c TXA
|d UtOrBLW
|
| 049 |
|
|
|a TXAM
|
| 099 |
|
|
|a 2008
|a Thesis
|a 1969.1/ETD-TAMU-2322
|
| 100 |
1 |
|
|a Kelton, Cathryn Renee.
|
| 245 |
1 |
4 |
|a The role of wnt8 in posterior mesoderm formation /
|c by Cathryn Renee Kelton.
|
| 264 |
|
1 |
|a [College Station, Tex.] :
|b [Texas A&M University],
|c [2010]
|
| 300 |
|
|
|a 1 online resource.
|
| 336 |
|
|
|a text
|b txt
|2 rdacontent
|
| 337 |
|
|
|a computer
|b c
|2 rdamedia
|
| 338 |
|
|
|a online resource
|b cr
|2 rdacarrier
|
| 500 |
|
|
|a "Major Subject: Biology"
|
| 500 |
|
|
|a Title from author supplied metadata (automated record created 2010-03-12 12:08:51).
|
| 502 |
|
|
|b Master of Science
|c Texas A&M University
|d 2008
|o http://hdl.handle.net/1969.1/ETD-TAMU-2322
|
| 504 |
|
|
|a Includes bibliographical references.
|
| 516 |
|
|
|a Text (Thesis)
|
| 520 |
3 |
|
|a The formation of vertebrate mesoderm relies on the integration of positional information provided by several intercellular signaling pathways, including the Wnt and Bone Morphogenic Protein (Bmp) pathways. Zygotic Wnt signaling has been shown in multiple vertebrate systems to perform two functions: to restrict the size of the dorsal mesoderm structure known as the organizer, and to promote the development of posterior mesoderm that populates the trunk and tail. Importantly, the organizer is a source of secreted Bmp antagonists that regulate Bmp-dependent ventral and posterior mesoderm patterning. Because the organizer impacts Bmp signaling activity, it is not clear whether functions attributed to zygotic Wnt signaling are in fact indirectly due to reduced Bmp activity. The objective of this thesis is to test the hypothesis that zygotic Wnt signaling plays two critical functions: to restrict the size of the organizer and to promote posterior mesoderm development in a Bmp-independent manner. To test this hypothesis, we characterized in depth the phenotypic defects of zebrafish embryos lacking Wnt8, the central ligand involved in zygotic Wnt-dependent mesoderm patterning. To identify Bmp-independent functions of Wnt8 signaling, we used double loss-of-function conditions to elevate Bmp signaling in embryos lacking Wnt8 function. Embryos were analyzed for the expression of a comprehensive set of mesoderm markers indicative of cell fates found in all spatial positions of the embryo. Our results show that, in addition to posterior mesoderm precursors being drastically reduced in Wnt8 morphants, anterior fates are disrupted as well. We found that increasing Bmp signaling largely has no effect on the Wnt8 morphant phenotype. However, slight rescue was observed in pronephric, heart tube, and vasculature precursors. We believe these results support the hypothesis that Wnt signaling maintains mesoderm progenitor cell populations, while Bmp signaling patterns mesoderm cell fates. Accordingly, Wnt8 signaling will appear to be epistatic to Bmp signaling during vertebrate axis patterning.
|
| 500 |
|
|
|a Electronic resource.
|
| 650 |
|
4 |
|a Major Biology.
|
| 653 |
|
|
|a Wnt8
|
| 653 |
|
|
|a Mesoderm
|
| 700 |
1 |
|
|a Lekven, Arne C.,
|e thesis advisor.
|
| 856 |
4 |
0 |
|u http://hdl.handle.net/1969.1/ETD-TAMU-2322
|z Link to OAK Trust copy
|t 0
|
| 994 |
|
|
|a C0
|b TXA
|
| 948 |
|
|
|a cataloged
|b h
|c 2010/4/27
|d c
|e jlanham
|f 3:16:26 pm
|
| 999 |
|
|
|a MARS
|
| 999 |
f |
f |
|s 6cedcb19-aa48-363e-ba87-cbc2196b88ee
|i 6c5c0f3c-a1ab-3920-aba9-687e5af816e7
|t 0
|
| 952 |
f |
f |
|a Texas A&M University
|b College Station
|c Electronic Resources
|d Available Online
|t 0
|e 2008 Thesis 1969.1/ETD-TAMU-2322
|h Other scheme
|
| 998 |
f |
f |
|a 2008 Thesis 1969.1/ETD-TAMU-2322
|t 0
|l Available Online
|